№ 5 (409); Кабели и провода

Մատենագիտական մանրամասներ
Parent link:Кабели и провода: научно-технический журнал. № 5 (409).— .— Москва: Кабели и провода, 1999-.— 2072-215X
Ամփոփում:Текстовый файл
AM_Agreement
Լեզու:ռուսերեն
Հրապարակվել է: 2024
Առցանց հասանելիություն:https://www.elibrary.ru/contents.asp?id=74502749
Ձևաչափ: Էլեկտրոնային Գիրք
KOHA link:https://koha.lib.tpu.ru/cgi-bin/koha/opac-detail.pl?biblionumber=677662

MARC

LEADER 00000nam2a2200000 4500
001 677662
005 20250325103354.0
090 |a 677662 
100 |a 20241219d2024 k||y0rusy50 ca 
101 0 |a rus 
102 |a RU 
105 |a a z 001yy 
135 |a drcn ---uucaa 
181 0 |a i   |b  e  
182 0 |a b 
183 0 |a cr  |2 RDAcarrier 
200 0 |a № 5 (409) 
203 |a Текст  |c электронный  |b визуальный 
210 |d 2024 
283 |a online_resource  |2 RDAcarrier 
320 |a Библиография в конце статей 
336 |a Текстовый файл 
371 0 |a AM_Agreement 
461 1 |0 386752  |9 386752  |t Кабели и провода  |o научно-технический журнал  |c Москва  |n Кабели и провода  |d 1999-  |v № 5 (409)  |x 2072-215X 
801 0 |a RU  |b 63413507  |c 20250325  |g PSBO 
850 |a 63413507 
856 4 0 |u https://www.elibrary.ru/contents.asp?id=74502749  |z https://www.elibrary.ru/contents.asp?id=74502749 
942 |c CF